| 000 | 00550nam a2200169 4500 | ||
|---|---|---|---|
| 008 | 0 2000 0x 000 0ESP | ||
| 020 | _a84-7577-809-7 | ||
| 050 | _aHD57 7 B464 1997 | ||
| 082 | _a658.321 B469c | ||
| 100 | _aBennis, Warren | ||
| 245 | _aConducir gente es tan difícil como arrear gatos : Los líderes, ¿se pueden hacer? / Warren Bennis | ||
| 260 | _aEspaña: Granica | ||
| 300 | _a202 p. / 22 cm. | ||
| 500 | _aIncluye índice | ||
| 650 | _a1.LIDERAZGO \ 2.EFICIENCIA ORGANIZACIONAL | ||
| 700 | _aVillegas, Federico, Tr. | ||
| 999 |
_c14605 _d14605 |
||